000 00574nam a2200181 i 4500
001 49244
003 ES-MaACL
005 20231224062920.0
007 t|
008 030711s1874 sp ||||1| spa d
100 1 _aCortejarena y Aldebó, Francisco de,
_d1835-1919
_9145203
245 1 0 _aManual de partos /
_cpor Francisco de Cortejarena y Aldevó.
250 _a2ª ed. corr. y aum.
260 _aMadrid :
_b[s.n.],
_c1874 (
_fcompañía de impresores y libreros)
300 _aVIII, 295 p. ;
_c22 cm.
852 _aES-MaACL
_jF-13483
999 _c49244
_d49244